000 00606nam a2200229Ia 4500
003 OSt
005 20220924144705.0
006 a|||||r|||| 00| 0
007 ta
008 220923b |||||||| |||| 00| 0 urd d
024 _a317793
037 _cTextual
040 _aARTS
_cARTS
_burd
041 _2urd
_aurd
082 _aO1681:g, K5
100 _aZaur Muhiddin Qadri Au.
245 0 _aTeen shair: Meer Taqi Meer, Meer Anees, Horace Smith
260 _c1965
650 _aURDU POETRY
942 _hO1681:g, K5
_cTEXL
_2CC
999 _c457934
_d457934